Statistics for Biggest Cities in the U.S. by Number of Letters

Click here to take the quiz!

General Stats

  • This quiz has been taken 86 times
  • The average score is 23 of 36

Answer Stats

Letter Population U.S. City % Correct
78,550,000New York
97%
103,972,000Los Angeles
94%
72,296,000Houston
93%
61,300,000Dallas
90%
12865,000San Francisco
90%
72,721,000Chicago
88%
121,567,000Philadelphia
88%
81,395,000San Diego
84%
11411,000Minneapolis
84%
101,470,000San Antonio
82%
5441,000Miami
81%
6683,000Denver
79%
10672,000Washington
75%
6932,000Austin
75%
9827,000Charlotte
75%
12868,000Jacksonville
75%
8850,000Columbus
72%
9655,000Nashville
72%
8632,000Portland
67%
5444,000Omaha
67%
11559,000Albuquerque
63%
9833,000Fort Worth
61%
13453,000Virginia Beach
61%
5404,000Tulsa
60%
4241,000Reno
57%
4472,000Mesa
55%
15457,000Colorado Springs
54%
14179,000Fort Lauderdale
40%
11195,000Grand Rapids
36%
15257,000Saint Petersburg
34%
13324,000Corpus Christi
30%
14179,000Port Saint Lucie
24%
4160,000Cary
18%
13235,000North Las Vegas
18%
15202,000Huntington Beach
16%
14136,000West Valley City
9%

Score Distribution

Percentile by Number Answered

Percent of People with Each Score

Your Score History

You have not taken this quiz